01383 a2200217 45000010006000000050017000060080041000230030015000640400040000790800019001192450062001382500012002002640075002123000019002875050671003069420007009775900036009841000027010209990015010479520103010625458520260407155820.0260407a1977 arg spa dAR-UNSa-BCEJYS aAR-UNSa-BCEJYSbspacAR-UNSa-BCEJYS a32xPolítica10aEl hombre políticoplas bases sociales de la política a4a. ed. 1aBuenos Aires :bEUDEBA (Editorial Universitaria de Buenos Aires)c1977 a426 p.c23 cm. a1. La sociología política – 2. Desarrollo económico – 3. Conflicto social, legitimidad y democracia – 4. Autoritarismo de la clase obrera – 5. Fascismo izquierda, derecha y centro – 6. Las elecciones: ¿Quién vota y quien no vota? – 7. Las elecciones: Expresión de la lucha democrática de clases – 8. Las elecciones: Expresión de la lucha democrática de clase. Continuidad y cambio – 9. Clases y partidos en la política norteamericana – 10. Los intelectuales norteamericanos: su política y su status – 11. El surgimiento de un sur unipartidario. Las elecciones del 1880 – 12. El proceso político en los sindicatos obreros. cBK aniveau_biblio:m niveau_hierar:01 aLipset, Seymour Martin c5660d5660 00104070aBCEJYSbBCEJYSc16d2026-04-07l0o32 L767pL33770r2026-04-07 15:58:20w2026-04-07yL